| 000 | 00808nam a2200265Ia 4500 | ||
|---|---|---|---|
| 999 |
_c45722 _d45722 |
||
| 001 | 12549 | ||
| 003 | GE_BSU | ||
| 005 | 20230928171925.0 | ||
| 008 | 181216s2006fe xx |||||||||||||| ||fre|| | ||
| 020 | _a9782011558114 | ||
| 041 | _afre | ||
| 080 | _a811.133.1 A-44 | ||
| 245 |
_aAlter Ego +: Cahier d'activites. _bA1 : / _cAnnie Berthet, Emmanuelle Daill, Catherine hugot, Monique Waendendries |
||
| 264 |
_aParis : _bHachette, _c2006. |
||
| 300 |
_a127 p.: _bill ; 29cm . _cCD |
||
| 653 | _aAlter Ego. | ||
| 653 | _aCahier d'activites. | ||
| 653 | _aგრამატიკა | ||
| 653 | _aფრანგული | ||
| 700 |
_aBerthet, Annie _919961 |
||
| 700 |
_aDaill, Emmanuelle _96550 |
||
| 700 |
_ahugot, Catherine _917183 |
||
| 700 |
_aWaendendries, Monique _917183 |
||
| 942 |
_cBK _2udc |
||